Statistiken für Halbinseln auf einer Karte

Klicken Sie hier um das Quiz zu spielen!

Allgemein

  • Dieses Quiz wurde 3.972 mal gespielt
  • Das Durchschnittsergebnis liegt bei 11 aus 20

Antworten auf der Karte

Die Antworten werden auf der Karte rot bzw. grün angezeigt, abhängig davon wie oft sie richtig erraten wurden.
Laden ...
 

Antwortstatistiken

Halbinsel% Korrekt
Korea
88%
Fennoskandinavien
87%
Florida
84%
Arabien
84%
Apenninenhalbinsel
83%
Iberien
82%
Balkan
72%
Krim
59%
Horn von Afrika
57%
Indischer Subkontinent
54%
Yucatán-Halbinsel
50%
Sinai
50%
Bretagne
49%
Indochina
49%
Kamtschatka
44%
Niederkalifornien
43%
Jütland
39%
Anatolien
37%
Labrador-Halbinsel
27%
Kap-York-Halbinsel
7%

Verteilung der Resultate

Perzentil nach korrekt beantworteten Fragen

Anzahl Personen mit jedem Resultat

Ihre Resultats-Entwicklung

Sie haben dieses Quiz noch nicht gespielt